[Event "Ch Poland (qual)"]
[Site "masterchessopen.com Poland"]
[Round "10"]
[White "Siedlecki Czeslaw (POL)"]
[Black "Doda Zbigniew (POL)"]
[Result "0-1"]
[WhiteElo "1952"]
[BlackElo "2345"]

1.e4 c5 2.Nf3 d6 3.d4 cxd4 4.Nxd4 Nf6 5.Nc3 Nc6 6.Bg5 Bd7 7.Bxf6 gxf6 8.Bc4 e6
9.O-O a6 10.Re1 Rc8 11.Bb3 Qa5 12.Nxc6 bxc6 13.Qd3 Be7 14.Rad1 O-O 15.Re3 Kh8
16.Bc4 Rb8 17.Rh3 Qc5 18.Rxh7+ Kxh7 19.Qh3+ Kg6 20.Rd3 Qh5 21.Qxh5+ Kxh5
22.Rh3+ Kg5 23.Rg3+ Kf4 24.Ne2+ Ke5 25.f4+ Kxe4 26.Kf2 e5 27.Re3+ Kf5 28.Nd4+
exd4 29.Bd3+ Kxf4 {#R} 0-1

[Event "Ch DDR"]
[Site "masterchessopen.com Gera (Germany)"]
[Round "5"]
[White "Boehnisch Manfred (GER)"]
[Black "Malich Burkhard Dr (GER)"]
[Result "0-1"]
[WhiteElo "2289"]
[BlackElo "2347"]

1.e4 c5 2.Nf3 Nc6 3.d4 cxd4 4.Nxd4 Nf6 5.Nc3 d6 6.Bg5 Bd7 7.Bc4 Qa5 8.Bxf6
gxf6 9.O-O Qc5 10.Nxc6 bxc6 11.Qd3 h5 12.b4 Qxb4 13.Rab1 Qa5 14.Rb7 Bc8 15.Rb3
Bh6 16.Rfb1 Kf8 17.Nd5 Bg4 18.Ra3 Qd8 19.Ne3 Be6 20.Bxe6 fxe6 21.Rb7 Kf7 22.g3
Qc8 23.Raxa7 Rxa7 24.Rxa7 Qb8 25.Ra6 Bxe3 26.fxe3 h4 27.Qf1 Qb4 28.Rxc6 hxg3
29.h3 Qd2 30.Qg2 Qxe3+ 31.Kf1 Rb8 {#R} 0-1

[Event "Ch Hungary"]
[Site "masterchessopen.com Budapest (Hungary)"]
[Round "0"]
[White "Barczay Laszlo (HUN)"]
[Black "Szilagyi Gyorgy (HUN)"]
[Result "1-0"]
[WhiteElo "2381"]
[BlackElo "2370"]

1.e4 c5 2.Nf3 Nc6 3.d4 cxd4 4.Nxd4 Nf6 5.Nc3 d6 6.Bg5 Bd7 7.Bxf6 gxf6 8.Nb3
Rg8 9.g3 f5 10.Qe2 Bg7 11.exf5 Bxf5 12.Bg2 Qd7 13.O-O Bxc3 14.bxc3 Bh3 15.Bxh3
Qxh3 16.Nd4 Rg5 17.Nxc6 bxc6 18.Rfe1 e6 19.Rab1 Rh5 20.f4 Rc5 21.Qe3 Rh5
22.Re2 Qf5 23.g4 Qg6 24.Qd4 e5 25.f5 Rxf5 26.Qe4 {#r} 1-0

[Event "Memorial J.Capablanca"]
[Site "masterchessopen.com Habana (Cuba)"]
[Round "0"]
[White "Damjanovic Mato (CRO)"]
[Black "Stein Leonid Z (UKR)"]
[Result "0-1"]
[WhiteElo "2303"]
[BlackElo "2620"]

1.e4 c5 2.Nf3 Nc6 3.d4 cxd4 4.Nxd4 Nf6 5.Nc3 d6 6.Bg5 Bd7 7.f4 Rc8 8.Nb3 a5
9.Bb5 Ng4 { ? } 10.h3 Ne3 11.Qe2 Nb4 12.Bd3 h6 13.Bh4 g5 { ! } 14.fxg5 (
14.Bg3 { ! ± } ) 14...hxg5 15.Bxg5 Ng4 { ! } 16.Bb5 { ? } 16...Nxc2+ { ! }
17.Qxc2 Bxb5 18.Nd4 Bd7 19.Qd2 Bg7 20.Nd5 ( 20.O-O Qb6 ( 20...Ne5 { ! } )
21.Ne2 e5 ) ( 20.O-O-O Ne5 21.Kb1 Nc4 ) 20...Rc4 { ! } 21.Bxe7 Qxe7 { ! }
22.Nxe7 Rxd4 23.Qxd4 ( 23.Qg5 Rxe4+ 24.Kf1 Bf6 { ! } 25.Qxa5 Kxe7 ) 23...Bxd4
24.Nd5 Nf2 25.Rf1 Nxe4 26.O-O-O Be5 27.Rfe1 f5 28.Rd3 Kf7 29.g4 Nf2 30.Rf3
Nxh3 31.Nb6 Bf4+ 32.Kb1 Be6 {#R} 0-1

[Event "Ch World (juniors)"]
[Site "masterchessopen.com Stockholm (Sweden)"]
[Round "10"]
[White "Da Silva Jose Victor (BRA)"]
[Black "Hug Werner (SUI)"]
[Result "0-1"]
[WhiteElo "2064"]
[BlackElo "2475"]

1.e4 c5 2.Nf3 d6 3.d4 cxd4 4.Nxd4 Nf6 5.Nc3 Nc6 6.Bg5 Bd7 7.Nb3 e6 8.Nb5 Qb8
9.Bxf6 gxf6 10.Be2 a6 11.N5d4 Qc7 12.O-O h5 13.f4 O-O-O 14.f5 Be7 15.Rf3 Kb8
16.Rc3 Rdg8 17.Kh1 Qb6 18.Bf3 Ne5 19.Qf1 Rg5 20.h4 Rg7 21.Rd1 Rhg8 22.Rd2 d5
23.a3 Nxf3 24.Qxf3 e5 25.Ne2 dxe4 26.Qe3 Qxe3 27.Rxe3 Bxf5 {#R} 0-1

[Event "Ch World (team) (under 26) (final A)"]
[Site "masterchessopen.com Dresden (Germany)"]
[Date "1969.08.10"]
[Round "3"]
[White "Jensen Vagn (DEN)"]
[Black "Votruba Pavel (CZE)"]
[Result "1-0"]
[WhiteElo "2156"]
[BlackElo "2241"]

1.e4 c5 2.Nf3 d6 3.d4 cxd4 4.Nxd4 Nf6 5.Nc3 Nc6 6.Bg5 Bd7 7.Nb3 e6 8.Qd2 a6
9.O-O-O Be7 10.f4 b5 11.Bxf6 gxf6 12.f5 Qb6 13.g3 O-O-O 14.Bh3 Rhg8 15.Ne2 Bf8
16.Kb1 Rg5 17.Rhf1 a5 18.fxe6 Bxe6 19.Bxe6+ fxe6 20.Rxf6 Re5 21.Ned4 Nxd4
22.Nxd4 Rxe4 23.Nxe6 Be7 24.Rh6 Rd7 25.Qd5 Qb7 26.Qxb7+ Kxb7 27.Nc5+ dxc5
28.Rxd7+ Kc8 29.Rd1 Bg5 30.Rc6+ {#r} 1-0

[Event "It"]
[Site "masterchessopen.com Budapest (Hungary)"]
[Round "3"]
[White "Adorjan Andras (HUN)"]
[Black "Radulov Ivan (BUL)"]
[Result "0-1"]
[WhiteElo "2504"]
[BlackElo "2306"]

1.e4 c5 2.Nf3 Nc6 3.d4 cxd4 4.Nxd4 Nf6 5.Nc3 d6 6.Bg5 Bd7 7.Bxf6 gxf6 8.Nf5
Qa5 9.Bb5 a6 10.Bxc6 bxc6 11.Qd3 Rg8 12.O-O Bxf5 13.exf5 Rg5 14.Rfe1 Kd7
15.Ne4 Qxf5 16.Qb3 Kc7 17.Nxg5 fxg5 18.Re3 e6 19.Rf3 Qg6 20.Qa4 a5 21.Rc3 c5
22.Rb3 Bg7 23.Rd1 Be5 24.Rdd3 Qh5 25.h3 Qe2 26.g3 Bd4 27.Rxd4 cxd4 28.Qxd4 Ra6
29.Rc3+ Kd7 30.Qf6 Qh5 31.Rf3 Rc6 32.Qg7 Qxf3 {#R} 0-1

[Event "Ch Great Britain"]
[Site "masterchessopen.com Blackpool (England)"]
[Round "4"]
[White "Wade Robert G (ENG)"]
[Black "Hutchings Stuart J (WLS)"]
[Result "1-0"]
[WhiteElo "2365"]
[BlackElo "2325"]

1.e4 c5 2.Nf3 d6 3.Nc3 Nc6 4.d4 cxd4 5.Nxd4 Nf6 6.Bg5 Bd7 7.Bxf6 gxf6 8.Be2
Qa5 9.Nb3 Qg5 10.g3 f5 11.Nd5 O-O-O 12.f4 Qg6 13.exf5 Qxf5 14.Ne3 Qh3 15.Qd2
e5 16.Nd5 Bh6 17.O-O-O Be6 18.Kb1 Bxd5 19.Qxd5 exf4 20.gxf4 Bxf4 21.Bb5 Qe3
22.Rhe1 Qb6 23.Bxc6 bxc6 24.Qf5+ {#r} 1-0

[Event "Match"]
[Site "masterchessopen.com Moscow (Russia)"]
[Round "0"]
[White "Shamkovich Leonid (USA)"]
[Black "Navarovszky Laszlo (HUN)"]
[Result "1-0"]
[WhiteElo "2520"]
[BlackElo "2410"]

1.e4 c5 2.Nf3 Nc6 3.d4 cxd4 4.Nxd4 Nf6 5.Nc3 d6 6.Bg5 Bd7 7.Be2 Qa5 8.Bxf6
gxf6 9.Nb3 Qg5 10.Nd5 O-O-O 11.O-O f5 12.f4 Qg7 13.exf5 Bxf5 14.c3 Kb8 15.Bf3
Bd7 16.c4 Qxb2 17.Rb1 Qa3 18.Qe2 Bf5 19.Rbd1 Be6 20.Qe4 Bc8 21.Rb1 e6 22.Nc3
Bg7 23.Nb5 Qa6 24.Rfd1 d5 25.cxd5 exd5 26.Rxd5 Qxa2 27.Nd6 Rhe8 28.Nxe8 Rxe8
29.Rd2 f5 30.Qd3 Qa4 31.Qd6+ Ka8 32.h3 Qb5 33.Kh2 {#r} 1-0

[Event "Ch Israel"]
[Site "masterchessopen.com Haifa (Israel)"]
[Round "7"]
[White "Friedman Shmuel (ISR)"]
[Black "Romm Meir (ISR)"]
[Result "0-1"]
[WhiteElo "2385"]
[BlackElo "2320"]

1.e4 c5 2.Nf3 d6 3.d4 cxd4 4.Nxd4 Nf6 5.Nc3 Nc6 6.Bg5 Bd7 7.Bxf6 gxf6 8.Nf5
Qa5 9.Bb5 a6 10.Be2 Rg8 11.O-O Bxf5 12.exf5 Qxf5 13.Nd5 O-O-O 14.b4 Qe4 15.Ne3
Qxb4 16.Bf3 Qc5 17.Nd5 e6 18.Nxf6 Rg6 19.Ne4 Qd4 20.Nd2 d5 21.c4 Ne5 22.Rc1
Qxd2 23.Qb3 Qd3 {#R} 0-1

[Event "?"]
[Site "masterchessopen.com Moscow (Russia)"]
[Round "0"]
[White "Mukhin Mikhail (RUS)"]
[Black "Chekhelian Seiram A (RUS)"]
[Result "1-0"]
[WhiteElo "2420"]
[BlackElo "2390"]

1.e4 c5 2.Nf3 d6 3.d4 cxd4 4.Nxd4 Nf6 5.Nc3 Nc6 6.Bg5 Bd7 7.Qd3 Rc8 8.Nxc6
Bxc6 9.O-O-O Qa5 10.Bxf6 gxf6 11.Kb1 Bg7 12.Nd5 Qc5 13.Rd2 a5 14.Qg3 Bh6
15.Qh3 Bxd5 16.Bb5+ Kf8 17.Qxh6+ Kg8 18.exd5 {#r} 1-0

[Event "It"]
[Site "masterchessopen.com Reggio Emilia (Italy)"]
[Round "5"]
[White "Paoli Enrico (ITA)"]
[Black "Beggi Pierluigi (ITA)"]
[Result "0-1"]
[WhiteElo "2300"]
[BlackElo "2122"]

1.e4 c5 2.Nf3 Nf6 3.Nc3 d6 4.d4 cxd4 5.Nxd4 Nc6 6.Bg5 Bd7 7.Be2 a6 8.O-O e6
9.Qd2 Be7 10.Rad1 Qc7 11.Nb3 Rd8 12.f4 Bc8 13.f5 O-O 14.Qf4 Ne8 15.Bxe7 Qxe7
16.Rd3 Ne5 17.Rh3 Nc7 18.Nd4 f6 19.Qh4 h6 20.Bg4 d5 21.Nxe6 Nxe6 22.Nxd5 Qc5+
23.Kh1 Ng5 24.Rc3 Qd4 25.Bf3 Rxd5 {#R} 0-1

[Event "It \"]
[Site "masterchessopen.com Prievidza (Slovakia)"]
[Round "0"]
[White "Bugar Anton (SVK)"]
[Black "Dobrovolsky Ladislav (CZE)"]
[Result "0-1"]
[WhiteElo "1998"]
[BlackElo "2347"]

1.e4 c5 2.Nf3 Nc6 3.d4 cxd4 4.Nxd4 Nf6 5.Nc3 d6 6.Bg5 Bd7 7.Be2 Qa5 8.Bxf6
gxf6 9.Nb3 Qg5 10.g3 f5 11.f4 Qg7 12.e5 dxe5 13.Nc5 O-O-O 14.Qd3 Nd4 15.Nxd7
Rxd7 16.Qc4+ Kb8 17.O-O-O e6 18.Qa4 Rd8 19.fxe5 Qxe5 20.Bc4 Bg7 21.Rhe1 Qc5
22.a3 Nf3 23.Re2 Bh6+ 24.Kb1 Rxd1+ 25.Nxd1 Nd2+ {#R} 0-1

[Event "?"]
[Site "masterchessopen.com Habana (Cuba)"]
[Round "0"]
[White "Armas Julius (FRA)"]
[Black "Vera Reynaldo (CUB)"]
[Result "0-1"]
[WhiteElo "2310"]
[BlackElo "2492"]

1.e4 c5 2.Nf3 d6 3.d4 cxd4 4.Nxd4 Nf6 5.Nc3 Nc6 6.Bg5 Bd7 7.Be2 a6 8.Bxf6 gxf6
9.O-O e6 10.Kh1 Be7 11.f4 Qb6 12.Nb3 Rg8 13.Qe1 O-O-O 14.a4 Nb4 15.a5 Qc7
16.Qf2 Kb8 17.Na4 Qxc2 18.Qe3 d5 19.Bf3 Bxa4 20.Rxa4 d4 {#R} 0-1

[Event "Cup Riga"]
[Site "masterchessopen.com Riga (Latvia)"]
[Round "0"]
[White "Vitolins Alvis (LAT)"]
[Black "Vetemaa Juri (EST)"]
[Result "0-1"]
[WhiteElo "2435"]
[BlackElo "2288"]

1.e4 c5 2.Nf3 d6 3.d4 cxd4 4.Nxd4 Nf6 5.Nc3 Nc6 6.Bg5 Bd7 7.Bxf6 gxf6 8.Be2
Rg8 9.g3 Rc8 10.Nf5 Qa5 11.O-O Bxf5 12.exf5 Qxf5 13.Bd3 Qh3 14.Be4 e6 15.Qd3
a6 16.Qe3 Be7 17.Qb6 Nd8 18.Bxb7 Rb8 19.Bc6+ Nxc6 20.Qxc6+ Kf8 21.Qxa6 Rg6
22.Qe2 d5 23.Qf3 Rxb2 24.a4 Bc5 25.a5 Rxc2 26.Na4 Bd4 27.Rad1 Rc4 28.Nb6 Rc3
29.Qg2 Rcxg3 30.hxg3 Rxg3 31.Qxg3 Qxg3+ 32.Kh1 Qh3+ 33.Kg1 {#R} 0-1

[Event "Ch New Zealand"]
[Site "masterchessopen.com New Zealand"]
[Round "0"]
[White "Garbett Paul Anthony (NZL)"]
[Black "Cornford Lindsay H (NZL)"]
[Result "1-0"]
[WhiteElo "2290"]
[BlackElo "2158"]

1.e4 c5 2.Nf3 d6 3.d4 cxd4 4.Nxd4 Nf6 5.Nc3 Nc6 6.Bg5 Bd7 7.Bxf6 gxf6 8.Nf5
Rg8 9.Qd2 Qa5 10.Nd5 Qxd2+ 11.Kxd2 Bxf5 12.exf5 Bh6+ 13.f4 Kd7 14.g3 Bg7
15.Rd1 e6 16.Nc3 Bf8 17.Kc1 Be7 18.Bc4 Na5 19.Bb5+ Nc6 20.Rhe1 Rgc8 21.Kb1 a6
22.Bf1 b5 23.Bh3 e5 24.fxe5 Nxe5 25.Rxe5 {#r} 1-0

[Event "?"]
[Site "masterchessopen.com Poland"]
[Round "0"]
[White "Sznapik Aleksander (POL)"]
[Black "Hawelko Marek (POL)"]
[Result "1-0"]
[WhiteElo "2445"]
[BlackElo "2420"]

1.e4 c5 2.Nf3 Nc6 3.d4 cxd4 4.Nxd4 Nf6 5.Nc3 d6 6.Bg5 Bd7 7.Be2 a6 8.Bxf6 gxf6
9.Nf5 Qa5 10.O-O Rc8 11.Nd5 Qd8 12.Nde3 Ne5 13.f4 Ng6 14.Qd3 h5 15.Rad1 b5
16.a4 Qb6 17.Kh1 bxa4 18.Nd5 Qa7 19.b4 axb3 20.cxb3 Bb5 21.Qd2 Qb8 22.Bxb5+
axb5 23.Rc1 Rc5 24.Rxc5 dxc5 25.Rd1 Bg7 26.Nxf6+ {#r} 1-0

[Event "It"]
[Site "masterchessopen.com Lewisham (England)"]
[Round "1"]
[White "Wall Tim (ENG)"]
[Black "Smart Leslie (ENG)"]
[Result "1-0"]
[WhiteElo "2347"]
[BlackElo "2120"]

1.e4 c5 2.Nc3 Nc6 3.Nge2 d6 4.d4 cxd4 5.Nxd4 Nf6 6.Bg5 Bd7 7.Bxf6 gxf6 8.Nf5
Qa5 9.Bb5 h5 10.Qd5 Qc7 11.Rd1 a6 12.Bxc6 bxc6 13.Qc4 e6 14.Ne3 Qa5 15.O-O Rg8
16.Kh1 Rb8 17.Qd4 Qe5 18.Qa7 d5 19.f4 Qd6 20.Nc4 dxc4 21.Rxd6 Bxd6 22.Rd1 {#r}
1-0

[Event "It \"]
[Site "masterchessopen.com Brussels (Belgium)"]
[Round "0"]
[White "Krukowski Meir (BEL)"]
[Black "Penson Thierry (BEL)"]
[Result "0-1"]
[WhiteElo "1962"]
[BlackElo "2226"]

1.e4 c5 2.Nf3 Nc6 3.d4 cxd4 4.Nxd4 Nf6 5.Nc3 d6 6.Bg5 Bd7 7.Bxf6 gxf6 8.Bc4 e6
9.O-O a6 10.a4 Qc7 11.Re1 Ne5 12.Bf1 Rc8 13.Nce2 Be7 14.b3 Qc5 15.c4 Rg8
16.Qd2 Rg6 17.Rad1 Bd8 18.Kh1 Ba5 19.Nc3 Ng4 20.Re2 Qh5 21.h3 Bxc3 22.Qxc3
Nxf2+ 23.Rxf2 Qxd1 24.Kh2 Qh5 25.Nxe6 {#R} 0-1

[Event "Ch Australia"]
[Site "masterchessopen.com Gosford (Australia)"]
[Round "2"]
[White "Voon Richard (AUS)"]
[Black "Barber Haydn J (AUS)"]
[Result "0-1"]
[WhiteElo "1925"]
[BlackElo "2167"]

1.e4 c5 2.Nf3 Nc6 3.d4 cxd4 4.Nxd4 Nf6 5.Nc3 d6 6.Bg5 Bd7 7.Be2 Qa5 8.Bxf6
gxf6 9.O-O Nxd4 10.Qxd4 Rc8 11.Kh1 Qc5 12.Qd3 f5 13.Bf3 Bg7 14.exf5 Bxf5
15.Ne4 Qxc2 16.Qb5+ Bd7 17.Nxd6+ exd6 18.Rae1+ Be5 19.Rxe5+ Kd8 20.Qd5 dxe5
21.Rd1 Rc7 22.Qxe5 Re8 23.Qf6+ Kc8 24.h4 Qf5 25.Qd4 Kb8 {#R} 0-1

[Event "It (open)"]
[Site "masterchessopen.com Burriana (Spain)"]
[Round "1"]
[White "Benavent Espi Vicent (ESP)"]
[Black "Garcia Trobat Francisco (ESP)"]
[Result "0-1"]
[WhiteElo "1950"]
[BlackElo "2291"]

1.e4 c5 2.Nf3 d6 3.d4 cxd4 4.Nxd4 Nf6 5.Nc3 Nc6 6.Bg5 Bd7 7.Be2 Qa5 8.Bxf6
gxf6 9.Nb3 Qg5 10.Qd2 Qxg2 11.O-O-O Qxf2 12.Nd5 O-O-O 13.Kb1 Qh4 14.Qc3 Kb8
15.Rd4 e6 16.Rc4 Qg5 17.Nb4 Rc8 18.Rf1 Be7 19.h4 Qe5 20.Nxc6+ Rxc6 21.Qxe5
dxe5 22.Rg1 Rhc8 23.Rxc6 Bxc6 24.Nd2 Bf8 25.Bh5 Bh6 {#R} 0-1

[Event "Ch Paris (open)"]
[Site "masterchessopen.com Paris (France)"]
[Round "0"]
[White "Neron De Surgy Gilles (FRA)"]
[Black "Hartereau Philippe (FRA)"]
[Result "1-0"]
[WhiteElo "2170"]
[BlackElo "2161"]

1.e4 c5 2.Nf3 Nc6 3.d4 cxd4 4.Nxd4 Nf6 5.Nc3 d6 6.Bg5 Bd7 7.Be2 Qa5 8.Bxf6
gxf6 9.f4 f5 10.Nxf5 Bxf5 11.exf5 Bg7 12.Qd3 O-O 13.O-O Qb6+ 14.Kh1 Qxb2
15.Nd5 Rab8 16.c3 e6 17.f6 Bh6 18.Rab1 Qa3 19.Qh3 {#r} 1-0

[Event "Ch Pan-American"]
[Site "masterchessopen.com Bariloche (Argentina)"]
[Round "9"]
[White "Watanabe Roberto (BRA)"]
[Black "Roman Facundo (ARG)"]
[Result "1-0"]
[WhiteElo "2325"]
[BlackElo "2292"]

1.e4 c5 2.Nf3 Nc6 3.d4 cxd4 4.Nxd4 Nf6 5.Nc3 d6 6.Bg5 Bd7 7.Bxf6 gxf6 8.Nb3
Rc8 9.Qh5 a6 10.Be2 Qb6 11.Nd5 Qa7 12.O-O Nd4 13.Bg4 Ne6 14.Bf5 Bg7 15.c3 b5
16.Rfe1 Kf8 17.Re3 Nc5 18.Bxd7 Nxd7 19.Rg3 Ne5 20.Nd4 e6 21.Nf4 Qd7 22.Qh3 Ng6
23.Nh5 Rg8 24.f4 Ne7 25.Nxg7 Rxg7 26.Qh6 Ng6 27.f5 e5 28.fxg6 fxg6 29.Ne2 {#r}
1-0

[Event "Ch Czechoslovakia (team) 1990/91"]
[Site "masterchessopen.com Czechoslovakia"]
[Round "5"]
[White "Novotny Jiri (CZE)"]
[Black "Obsivac Josef (CZE)"]
[Result "1-0"]
[WhiteElo "1609"]
[BlackElo "2274"]

1.e4 c5 2.Nf3 d6 3.d4 cxd4 4.Nxd4 Nf6 5.Nc3 Nc6 6.Bg5 Bd7 7.Be2 Qa5 8.Bxf6
gxf6 9.Nb3 Qg5 10.g3 f5 11.Nd5 Rc8 12.f4 Qg7 13.e5 dxe5 14.Nc5 Nd4 15.Nxd7
Nxc2+ 16.Kf2 exf4 17.N7f6+ exf6 18.Bb5+ Kd8 19.Ne7+ {#r} 1-0

[Event "It (open) \"]
[Site "masterchessopen.com Moscow (Russia)"]
[Round "0"]
[White "Shmuter Leonid (UKR)"]
[Black "Samoliuk Igor (RUS)"]
[Result "1-0"]
[WhiteElo "2452"]
[BlackElo "2280"]

1.e4 c5 2.Nf3 Nc6 3.d4 cxd4 4.Nxd4 Nf6 5.Nc3 d6 6.Bg5 Bd7 7.Be2 Rc8 8.O-O h6
9.Bxf6 gxf6 10.Kh1 h5 11.f4 h4 12.h3 Nxd4 13.Qxd4 a6 14.Nd5 Rg8 15.c4 f5
16.Rae1 Bg7 17.Qe3 fxe4 18.Qxe4 Bc6 19.Bh5 Bxd5 20.Qxd5 Rf8 21.Qxb7 Qc7
22.Qxa6 Qxc4 23.Qa3 Qb5 24.Bg4 Rb8 25.Rxe7+ Kxe7 26.Re1+ {#r} 1-0

[Event "It (open)"]
[Site "masterchessopen.com Cannes (France)"]
[Round "0"]
[White "Schreiber Edwin (USA)"]
[Black "Lanka Zigurds (LAT)"]
[Result "0-1"]
[WhiteElo "2078"]
[BlackElo "2520"]

1.e4 c5 2.Nf3 Nc6 3.d4 cxd4 4.Nxd4 Nf6 5.Nc3 d6 6.Bg5 Bd7 7.Bxf6 gxf6 8.Qd2
Nxd4 9.Qxd4 Bg7 10.Be2 O-O 11.Qd3 f5 12.Nd1 Qa5+ 13.c3 Kh8 14.O-O f4 15.Qd5
Qd8 16.Kh1 Bc6 17.Qd3 Rg8 18.f3 Be5 19.Nf2 e6 20.Ng4 Qg5 21.Rg1 Rg6 22.Nxe5
dxe5 23.Qd2 Qh4 24.Rgd1 Rag8 25.Bf1 Rh6 26.h3 Qg3 27.Bc4 Rxh3+ {#R} 0-1

[Event "It (open)"]
[Site "masterchessopen.com Copenhagen (Denmark)"]
[Round "0"]
[White "Jansa Vlastimil (CZE)"]
[Black "Fuglsang Flemming (DEN)"]
[Result "1-0"]
[WhiteElo "2455"]
[BlackElo "2273"]

1.e4 c5 2.Nf3 Nc6 3.d4 cxd4 4.Nxd4 Nf6 5.Nc3 d6 6.Bg5 Bd7 7.Be2 e6 8.Ndb5 Qb8
9.a4 Be7 10.O-O O-O 11.Bxf6 gxf6 12.Qd2 a6 13.Na3 Qc7 14.Nc4 Ne5 15.Ne3 b5
16.axb5 axb5 17.Ncd5 exd5 18.Nxd5 Qc5 19.b4 Nc4 20.Qc3 {#r} 1-0

[Event "Oberliga NRW 1991/92"]
[Site "masterchessopen.com Germany"]
[Round "0"]
[White "Maus Siegfried (GER)"]
[Black "Morlo Michael (GER)"]
[Result "1-0"]
[WhiteElo "2238"]
[BlackElo "2301"]

1.e4 c5 2.Nf3 Nc6 3.d4 cxd4 4.Nxd4 Nf6 5.Nc3 d6 6.Bg5 Bd7 7.Be2 Qa5 8.Bxf6
gxf6 9.Nb3 Qg5 10.Nd5 Rc8 11.O-O f5 12.exf5 Bxf5 13.f4 Qg7 14.Ne3 Bd7 15.c3 h5
16.Qd2 h4 17.Rae1 Qf6 18.Nd5 Qf5 19.Bg4 Qg6 20.Bxd7+ Kxd7 21.Nc5+ Ke8 22.Nxb7
Rb8 23.Nb4 Rxb7 24.Nxc6 Rh5 25.Rf2 Rc5 26.Nd4 Qf6 27.Qd1 Bh6 28.Qf3 Rcc7 29.f5
Rb8 30.a4 Rc4 31.Rfe2 Kf8 32.Nc6 Rf4 33.Nxb8 {#r} 1-0

[Event "It (open) \"]
[Site "masterchessopen.com Hungary"]
[Round "10"]
[White "Lengyel Bela (HUN)"]
[Black "Ryskin Alexander (BLR)"]
[Result "1-0"]
[WhiteElo "2288"]
[BlackElo "2440"]

1.e4 c5 2.Nf3 d6 3.d4 cxd4 4.Nxd4 Nf6 5.Nc3 Nc6 6.Bg5 Bd7 7.Bxf6 gxf6 8.Nf5
Qa5 9.Bd3 e6 10.Ne3 Ne5 11.Nc4 Nxc4 12.Bxc4 f5 13.O-O Rg8 14.Qh5 Qc5 15.Bb3
fxe4 16.Qxh7 Qg5 17.g3 d5 18.Rad1 Rg7 19.Qh3 O-O-O 20.Qg2 f5 21.Ne2 Bd6 22.f4
Bc5+ 23.Nd4 Qf6 24.Qd2 Kb8 25.Qe3 Bb6 26.c3 Rh7 27.Rd2 Ka8 28.Rg2 Be8 29.Bd1
Bh5 30.Bxh5 Rxh5 31.a4 Rc8 {#r} 1-0

[Event "Oberliga North 1992/93"]
[Site "masterchessopen.com Germany"]
[Round "0"]
[White "Von Buelow Georg (GER)"]
[Black "Neumann Joachim (GER)"]
[Result "1-0"]
[WhiteElo "2376"]
[BlackElo "2134"]

1.e4 c5 2.Nf3 Nc6 3.d4 cxd4 4.Nxd4 Nf6 5.Nc3 d6 6.Bg5 Bd7 7.Be2 Qa5 8.Bxf6
gxf6 9.O-O Rg8 10.Nd5 Bh3 11.Ne3 Bh6 12.Ndf5 Bxe3 13.Nxe3 Qg5 14.Bf3 Ne5
15.Kh1 Be6 16.Be2 Qh4 17.f4 Ng4 18.Bxg4 Bxg4 19.Qd5 Rb8 20.Qa5 Kd7 21.Qa4+ Kc8
22.Nd5 Be2 23.Qa5 b6 24.Qxa7 Rb7 25.Qa8+ {#r} 1-0

[Event "Oberliga NRW 1992/93"]
[Site "masterchessopen.com Germany"]
[Round "0"]
[White "Babar Michael (GER)"]
[Black "Koehn Peter (GER)"]
[Result "0-1"]
[WhiteElo "2175"]
[BlackElo "2296"]

1.e4 c5 2.Nf3 d6 3.d4 cxd4 4.Nxd4 Nf6 5.Nc3 Nc6 6.Bg5 Bd7 7.Be2 Qa5 8.Bxf6
gxf6 9.O-O Qg5 10.Nd5 Rg8 11.Bf3 O-O-O 12.Nxc6 Bxc6 13.Qd4 f5 14.Rfe1 e6
15.Qxa7 fxe4 16.Rxe4 Qxd5 17.Rg4 Rxg4 18.Bxd5 Bxd5 19.g3 Bg7 20.c3 Be5 21.a4
h5 22.a5 h4 23.a6 hxg3 24.fxg3 Rh8 25.Ra5 bxa6 26.Rxa6 Bxg3 27.hxg3 Rxg3+
28.Kf1 Rh1+ 29.Ke2 Rg2+ 30.Ke3 Rh3+ {#R} 0-1

[Event "It (open)"]
[Site "masterchessopen.com Mislata (Spain)"]
[Round "2"]
[White "Lloret Climent Miguel (ESP)"]
[Black "Piankov Evgenij (UKR)"]
[Result "0-1"]
[WhiteElo "2074"]
[BlackElo "2348"]

1.e4 c5 2.Nf3 Nc6 3.d4 cxd4 4.Nxd4 Nf6 5.Nc3 d6 6.Bg5 Bd7 7.Be2 Qa5 8.Bxf6
gxf6 9.Nb3 Qd8 10.Qd2 Bg7 11.O-O O-O 12.Rad1 Rc8 13.Nd5 f5 14.exf5 Bxf5 15.c3
Qd7 16.Rfe1 Rfd8 17.Bb5 e6 18.Ne3 Bg6 19.Nc4 Qc7 20.Ne3 d5 21.Nd4 Qa5 22.Nxc6
bxc6 23.Bf1 Rb8 24.b4 Qa3 25.Rc1 c5 26.b5 c4 27.Nd1 Qa5 28.a4 Qxa4 29.Ne3 Qxb5
30.Nc2 Qb2 {#R} 0-1

[Event "Tournament"]
[Site "masterchessopen.com Villa Ballester (Argentina)"]
[Round "0"]
[White "Romero Luis D (ARG)"]
[Black "Sakurai Leonardo (ARG)"]
[Result "0-1"]
[WhiteElo "2215"]
[BlackElo "2280"]

1.e4 c5 2.Nf3 Nc6 3.d4 cxd4 4.Nxd4 Nf6 5.Nc3 d6 6.Bg5 Bd7 7.Bxf6 gxf6 8.Qd2
Rc8 9.O-O-O Nxd4 10.Qxd4 Qa5 11.Kb1 Qc5 12.f4 Qxd4 13.Rxd4 f5 14.Bb5 Bxb5
15.Nxb5 a6 16.Na3 fxe4 17.Rxe4 d5 18.Re3 Rg8 19.g3 e6 20.Kc1 h5 21.Nb1 h4
22.Nd2 Bd6 23.Nb3 hxg3 24.Rf3 g2 25.Rg1 Rc4 {#R} 0-1

[Event "Ch Colombia (1/2 final)"]
[Site "masterchessopen.com Barranquilla (Colombia)"]
[Round "6"]
[White "Escobar Forero Alder (COL)"]
[Black "Gamboa Nelson (COL)"]
[Result "0-1"]
[WhiteElo "2335"]
[BlackElo "2370"]

1.e4 c5 2.Nf3 Nc6 3.d4 cxd4 4.Nxd4 Nf6 5.Nc3 d6 6.Bg5 Bd7 7.Be2 Rc8 8.O-O a6
9.Kh1 e6 10.f4 Be7 11.Nb3 Qc7 12.Qe1 b5 13.f5 O-O 14.Qh4 b4 15.Nd1 a5 16.Rf3
exf5 17.Ne3 Ne5 18.Rxf5 Ng6 19.Qe1 Bxf5 20.exf5 Ne5 21.a3 Rfe8 22.axb4 axb4
23.Qxb4 h6 24.Bh4 d5 25.Qb5 Rb8 26.Qa5 Qxa5 27.Rxa5 Nc6 28.Ra6 Nb4 29.Ra1 Bd6
30.Bf2 Bf4 {#R} 0-1

[Event "It (open)"]
[Site "masterchessopen.com Darmstadt (Germany)"]
[Round "0"]
[White "Nothnagel Holger (GER)"]
[Black "Schlamp Robert (GER)"]
[Result "1-0"]
[WhiteElo "2309"]
[BlackElo "2339"]

1.e4 c5 2.Nf3 d6 3.d4 cxd4 4.Nxd4 Nf6 5.Nc3 Nc6 6.Bg5 Bd7 7.Be2 Qa5 8.Bxf6
gxf6 9.Nb3 Qg5 10.g3 e6 11.Nb5 O-O-O 12.Nxd6+ Bxd6 13.Qxd6 e5 14.Qd2 Qg6
15.Qe3 Bh3 16.f3 f5 17.exf5 Bxf5 18.c3 e4 19.f4 h5 20.Kf2 h4 21.g4 h3 22.Rhg1
Be6 23.Nc5 Kb8 24.f5 Qf6 {#r} 1-0

[Event "Ch Schleswig Holstein (qual) (cand) (a)"]
[Site "masterchessopen.com Ratzeburg (Germany)"]
[Round "8"]
[White "Stomprowski Eckhard (GER)"]
[Black "Werner Thomas (GER)"]
[Result "0-1"]
[WhiteElo "1881"]
[BlackElo "2085"]

1.e4 c5 2.Nf3 d6 3.d4 cxd4 4.Nxd4 Nf6 5.Nc3 Bd7 6.Bg5 Nc6 7.f4 a6 8.Nb3 h6
9.Bxf6 gxf6 10.Qf3 h5 11.O-O-O Bg4 12.Qf2 Bxd1 13.Nxd1 e6 14.Ne3 Be7 15.Be2
Qb6 16.Bd3 Rc8 17.Qe2 Nb4 18.a3 Nxc2 {#R} 0-1